Prognozowanie gospodarcze metody, modele, zastosowania, przyklady

Gespeichert in:
Bibliographische Detailangaben
Format: Buch
Sprache:Polnisch
Veröffentlicht: Warszawa Agencja Wydawnicza 1998
Schriftenreihe:Biblioteka Biznesmena 1
Schlagworte:
Tags: Tag hinzufügen
Keine Tags, Fügen Sie das erste Tag hinzu!

MARC

LEADER 00000nam a2200000 4500
001 c123612
005 20240419081452.3
020 |a 83-85428-38-9 
041 0 |a pol 
044 |a PL 
245 1 0 |a Prognozowanie gospodarcze  |b metody, modele, zastosowania, przyklady  |c praca zbiorowa pod redakcja naukowa Edwarda Nowaka 
264 1 |a Warszawa  |b Agencja Wydawnicza  |c 1998 
300 |a 214 s. 
490 1 |a Biblioteka Biznesmena 1 
830 0 |a Biblioteka Biznesmena 1 
610 2 0 |a prognózy hospodárske 
610 2 0 |a prognózovanie 
610 2 0 |a metódy prognostické 
610 2 0 |a modely prognostické 
610 2 0 |a hospodárstvo trhové 
610 2 0 |a údaje štatistické 
610 2 0 |a modely regresné 
610 2 0 |a modely ekonometrické 
610 2 0 |a experti